Normal view
MARC view
- العبدالله، مي... وآخرون؛ مراجعة وتقديم نبيل الشريف
Entry Personal Name
001 - CONTROL NUMBER
- control field: 46256
003 - CONTROL NUMBER IDENTIFIER
- control field: JO-AjAnu
005 - DATE AND TIME OF LATEST TRANSACTION
- control field: 20230606081639.0
008 - FIXED-LENGTH DATA ELEMENTS
- fixed length control field: 230606|| aca||aabn | a|a d
040 ## - CATALOGING SOURCE
- Original cataloging agency: JO-AjAnu
- Transcribing agency: JO-AjAnu
100 ## - HEADING--PERSONAL NAME
- Personal name: العبدالله، مي... وآخرون؛ مراجعة وتقديم نبيل الشريف
670 ## - SOURCE DATA FOUND
- Source citation: Work cat.: (JO-AjAnu)23677: العبدالله، مي... وآخرون؛ مراجعة وتقديم نبيل الشريف, author, أسئلة الإعلام والديمقراطية في زمن الربيع العربي = Questions on Media and Democracy in the Arab Spring Era